Vista normal
Vista MARC
- Staphyloccocus aureus
Entrada Término temático
Número de registros utilizados en: 1
001 - NÚMERO DE CONTROL
- campo de control: 18470
003 - IDENTIFICADOR DE NÚMERO DE CONTROL
- campo de control: gtgcusco
005 - FECHA Y HORA DE LA ÚLTIMA TRANSACCIÓN
- campo de control: 20260220075518.0
008 - ELEMENTOS DE DATO DE LONGITUD-FIJA
- campo de control de longitud fija: 260220|| aca||aabn | a|a d
040 ## - FUENTE DE CATALOGACIÓN
- Centro catalogador/agencia de origen: gtgcusco
- Centro/agencia transcriptor: gtgcusco
150 ## - ENCABEZAMIENTO--TÉRMINO DE MATERIA
- Término de materia o nombre geográfico como elemento de entrada: Staphyloccocus aureus
670 ## - FUENTE DE DATOS ENCONTRADOS
- Cita de la fuente: Work cat.: (gtgcusco)9485: Fuentes Velásquez, Ricardo Enrique 18468, Evaluación de la efectividad de los agentes desinfectantes (germicidas), Disponibles en el mercado Odontológico guatemalteco, en la acción germicida contra Escherrichia Coli y Estafilococo Dorado (Staphylococcus Aureus) /, 2001

